000 00822nam a2200241 a 4500
008
049 _aMAIN
050 0 _aHD60
_bEPS
100 1 _aEpstein, Marc J.
245 1 0 _aCorporate social performance :
_bthe measurement of product and service contributions /
_cby Marc J. Epstein, Eric G. Flamholtz, John J. McDonough.
260 _aNew York :
_bNational Association of Accountants,
_cc1977.
300 _avii, 136 p. ;
_c23 cm.
440 0 _aNAA publication ;
_vno. 7792.
504 _aIncludes bibliographical references.
650 0 _aIndustry
_xSocial aspects
_zUnited States.
700 1 _aFlamholtz, Eric.
700 1 _aMcDonough, John J.
907 _a.b10082207
_b20-04-12
_c14-07-03
003
005 20230123133334.0
040 _cNUST
942 _cBOOKS
999 _c146865
_d146865